Solutions for a Smart Urban Environment Air Quality, Transport and Energy Systems: Knowledge from Helsinki and Lessons to Be Learned for Bratislava
Inteligentné životné prostredie, ako základný element inteligentných mestských konceptov. Základné parametre a kvalita vzduchu v Bratislave a Helsinkách. Inteligentné riešenia pre životné prostredie v Helsinkách. Postavenie Bratislavy.
Saved in:
| Main Author: | |
|---|---|
| Format: | Book Chapter |
| Language: | English |
| Subjects: | |
| Tags: |
No Tags, Be the first to tag this record!
|
MARC
| LEADER | 00000naa$a2200000$$$4500 | ||
|---|---|---|---|
| 001 | 0254586 | ||
| 005 | 20251110081631.8 | ||
| 041 | 0 | |a eng | |
| 044 | |a CA | ||
| 245 | 1 | 0 | |a Solutions for a Smart Urban Environment Air Quality, Transport and Energy Systems: Knowledge from Helsinki and Lessons to Be Learned for Bratislava |c Kristína Baculáková |
| 520 | |a Inteligentné životné prostredie, ako základný element inteligentných mestských konceptov. Základné parametre a kvalita vzduchu v Bratislave a Helsinkách. Inteligentné riešenia pre životné prostredie v Helsinkách. Postavenie Bratislavy. | ||
| 610 | 2 | 0 | |a prostredie životné |
| 610 | 2 | 0 | |a vzduch |
| 610 | 2 | 0 | |a environmentalistika |
| 100 | 1 | |a Baculáková, Kristína, 1988- | |